[Event "REVANCHE"]
[Site "http://www.queenalice.com/game.php?id=91808"]
[Date "2006.8.2"]
[Round "-"]
[White "lenaldo"]
[Black "manojr"]
[Result "0-1"]
[WhiteElo "920"]
[BlackElo "1313"]

1. c4 e5 2. Qa4 Qf6 3. c5 Bxc5 4. g4 Qxf2+ 5. Kd1 Nc6 6. b3 Nd4 7. Bh3 Nf6 8. g5
Ng4 9. Nc3 b5 10. Nxb5 O-O 11. Bb2 d6 12. b4 Nxh2 13. Nxc7 Bxh3 14. Nxh3 Qxe2+
15. Kc1 Qg2 16. bxc5 Qxh1+ 17. Qd1 Ne2+ 18. Kc2 Qe4+ 19. d3 Qa4+ 20. Kd2 Rab8
21. Qxa4 Rxb2+ 22. Ke1 Nf3+ 23. Kf2 Ned4+ 24. Kf1 Nh2+ 25. Kg1 Ndf3+ 26. Kh1 Ng4
27. Qxa7 Rh2# 0-1

[Event "Challenge"]
[Site "http://www.queenalice.com/game.php?id=92011"]
[Date "2006.8.2"]
[Round "-"]
[White "manojr"]
[Black "vult0"]
[Result "0-1"]
[WhiteElo "1379"]
[BlackElo "1617"]

1. e4 e5 2. Qf3 Nf6 3. Nc3 Nc6 4. Nh3 Bc5 5. Bc4 d6 6. Ng5 Be6 7. Bxe6 fxe6 8.
Nxe6 Nd4 9. Nxd4 Bxd4 10. Nb5 Bb6 11. O-O O-O 12. d3 a6 13. Nc3 Nd5 14. Qg3 Nxc3
15. bxc3 h6 16. Be3 Bxe3 17. Qxe3 c5 18. Qg3 Qa5 19. Rae1 Qxc3 20. Qg6 Rf6 21.
Qg4 Qxc2 22. Re3 Raf8 23. h3 Rxf2 24. Rxf2 Qxf2+ 25. Kh2 Qxe3 26. Qe6+ Kh8 27.
Qxd6 Rf1 28. Qd8+ Kh7 29. Qh4 Qxd3 30. Qg4 c4 31. Qf5+ Rxf5 0-1

[Event "Challenge"]
[Site "http://www.queenalice.com/game.php?id=92915"]
[Date "2006.8.5"]
[Round "-"]
[White "xavimg"]
[Black "manojr"]
[Result "0-1"]
[WhiteElo "1265"]
[BlackElo "1355"]

1. Nf3 Nc6 2. e4 e5 3. Nc3 g6 4. Bc4 Nh6 5. d3 Qe7 6. Nb5 Rb8 7. Nxc7+ Kd8 8.
Nd5 Qc5 9. Be3 Qd6 10. O-O Be7 11. Bxh6 g5 12. Bg7 Rg8 13. Bxe5 Qh6 14. Bxb8
Nxb8 15. Qe1 g4 16. Nd4 Bd6 17. Ne3 Qxh2# 0-1

[Event "Challenge"]
[Site "http://www.queenalice.com/game.php?id=93574"]
[Date "2006.8.7"]
[Round "-"]
[White "marcosweck"]
[Black "manojr"]
[Result "1-0"]
[WhiteElo "1429"]
[BlackElo "1367"]

1. d4 e6 2. e4 c5 3. c3 cxd4 4. cxd4 Qf6 5. Qf3 Nc6 6. Qxf6 gxf6 7. Nf3 Nb4 8.
Na3 e5 9. d5 Bc5 10. Be2 d6 11. O-O Bg4 12. Bd2 Bxf3 13. Bxf3 Na6 14. Nc4 Bd4
15. Nxd6+ Ke7 16. Nf5+ Kf8 17. Nxd4 exd4 18. Rad1 Nb4 19. Bxb4+ Kg7 20. Rxd4 a5
21. Bc3 b5 22. d6 Nh6 23. d7 Rhd8 24. Rd6 Ng8 25. e5 fxe5 26. Bxa8 Rxa8 27. d8=Q
Rxd8 28. Rxd8 b4 29. Bxe5+ f6 30. Rxg8+ Kxg8 31. Bxf6 Kf7 32. Bd4 h5 33. a4 b3
34. Bb6 Kg6 35. Rc1 Kg5 36. Bxa5 h4 37. Bd2+ Kh5 38. a5 Kg4 39. Rc5 h3 40. Rg5+
1-0

[Event "Revanche"]
[Site "http://www.queenalice.com/game.php?id=94050"]
[Date "2006.8.9"]
[Round "-"]
[White "manojr"]
[Black "marcosweck"]
[Result "0-1"]
[WhiteElo "1379"]
[BlackElo "1511"]

1. e3 d5 2. Qf3 Nf6 3. Nc3 g6 4. Bb5+ c6 5. Be2 Bg7 6. b3 e5 7. Nh3 e4 8. Qg3
Bxh3 9. Qxh3 Nbd7 10. Ba3 b5 11. Bg4 Nxg4 12. Qxg4 h5 13. Qh3 Rb8 14. Bd6 Rb6
15. O-O-O Bxc3 16. dxc3 Qf6 17. Bc7 Rb7 18. Bf4 g5 19. Bg3 h4 20. Qg4 hxg3 21.
fxg3 Qe7 22. h4 gxh4 23. Rxh4 Rxh4 24. Qxh4 Kd8 25. Qf4 Qf6 26. Rh1 Qxf4 27.
gxf4 Kc7 28. g4 f6 29. g5 fxg5 30. fxg5 Kb6 31. a4 Ne5 32. b4 Rg7 33. a5+ Kc7
34. Rh8 Rxg5 35. Ra8 Kb7 36. Re8 Nc4 37. Re7+ Ka6 38. Kb1 Rg6 39. Re8 Nxe3 40.
Rb8 Nc4 41. Ka2 Re6 42. Rf8 e3 43. Rf1 e2 44. Re1 Nd2 45. Kb2 Nf3 46. Rh1 e1=Q
47. Rh8 Re3 48. Ka2 Qxc3 49. Rb8 Qxc2+ 50. Ka1 Re1# 0-1

[Event "Revanche"]
[Site "http://www.queenalice.com/game.php?id=94052"]
[Date "2006.8.9"]
[Round "-"]
[White "manojr"]
[Black "vult0"]
[Result "0-1"]
[WhiteElo "1315"]
[BlackElo "1583"]

1. e3 e5 2. Qf3 d5 3. c4 e4 4. Qf4 Bd6 5. Qxd6 Qxd6 6. b3 c5 7. Nc3 Nf6 8. Nb5
Qe5 9. f4 Qe6 10. Nc7+ Ke7 11. Nxe6 Bxe6 12. Ba3 b6 13. Nh3 h6 14. Bb2 Nc6 15.
f5 Bxf5 16. cxd5 Nb4 17. O-O-O Nbxd5 18. Nf4 Nb4 19. Kb1 Rhd8 20. Bxf6+ Kxf6 21.
h4 g6 22. a3 Nd3 23. Nxd3 exd3 24. g3 Be4 25. Rh3 Rd5 26. g4 c4 27. bxc4 Ra5 28.
Ka2 Ra4 29. g5+ Kg7 30. Rc1 Rc8 31. Rc3 Raxc4 32. Rb3 Rc2+ 33. Rb2 a5 34. Rg3 a4
35. Rg4 Bd5+ 36. Kb1 Rc1# 0-1

[Event "Challenge"]
[Site "http://www.queenalice.com/game.php?id=94332"]
[Date "2006.8.10"]
[Round "-"]
[White "jobjarna"]
[Black "manojr"]
[Result "1-0"]
[WhiteElo "1324"]
[BlackElo "1364"]

1. d4 d5 2. c4 dxc4 3. e3 e6 4. Bxc4 Qg5 5. Qf3 Nc6 6. Nh3 Qa5+ 7. Bd2 Qb6 8.
Bc3 Nb4 9. Na3 Nc6 10. O-O e5 11. Qxf7+ Kd8 12. Qxf8+ Kd7 13. dxe5 Nce7 14.
Rad1+ Kc6 15. Qf3+ Kc5 16. Rd5+ Kc6 17. Rb5+ Kd7 18. Rd1+ Ke8 19. Qf7# 1-0

[Event "Challenge"]
[Site "http://www.queenalice.com/game.php?id=94905"]
[Date "2006.8.12"]
[Round "-"]
[White "feraamorim"]
[Black "manojr"]
[Result "1-0"]
[WhiteElo "1414"]
[BlackElo "1327"]

1. d4 e6 2. Nf3 Nc6 3. e4 Nf6 4. Nc3 Bb4 5. e5 Bxc3+ 6. bxc3 Ng4 7. Ng5 h6 8. h3
hxg5 9. Qxg4 Rh4 10. Qe2 g4 11. g3 Rh5 12. Qxg4 Rg5 13. Bxg5 f6 14. Qh5+ Kf8 15.
exf6 gxf6 16. Bh6+ Ke7 17. Bb5 Qf8 18. Bxf8+ Kxf8 19. O-O-O e5 20. dxe5 fxe5 21.
Bxc6 dxc6 22. Qxe5 1-0

[Event "Challenge"]
[Site "http://www.queenalice.com/game.php?id=95554"]
[Date "2006.8.14"]
[Round "-"]
[White "Joe_Boyd"]
[Black "manojr"]
[Result "1-0"]
[WhiteElo "1540"]
[BlackElo "1336"]

1. e4 e6 2. d4 c5 3. Nf3 cxd4 4. Nxd4 Bc5 5. Be3 e5 6. Nf5 Bb4+ 7. c3 Be7 8.
Nxg7+ Kf8 9. Qg4 Bf6 10. Nf5 d6 11. Bc4 Ne7 12. Qh5 Ng6 13. Nh6 Be6 14. Nd2 Qe7
15. O-O-O Nc6 16. Nf3 Bxc4 17. Bg5 Be2 18. Nf5 Qe6 19. Rxd6 Nf4 20. Qh6+ Bg7 21.
Qxg7+ Ke8 22. Rxe6+ fxe6 23. Qxh8+ Kf7 24. Qxh7+ Ke8 25. Nd6+ Kf8 26. Qf7# 1-0

[Event "Challenge"]
[Site "http://www.queenalice.com/game.php?id=95654"]
[Date "2006.8.14"]
[Round "-"]
[White "manojr"]
[Black "Joe_Boyd"]
[Result "0-1"]
[WhiteElo "1341"]
[BlackElo "1507"]

1. e4 c5 2. Qf3 Nc6 3. Bc4 Ne5 4. Qd3 Nxd3+ 5. cxd3 Qc7 6. Nc3 Nf6 7. Nb5 Qb8 8.
e5 Qxe5+ 9. Ne2 a6 10. f4 Qb8 11. b3 axb5 12. Bxb5 b6 13. O-O e6 14. f5 Ng4 15.
a4 Qxh2# 0-1

[Event "Challenge"]
[Site "http://www.queenalice.com/game.php?id=98606"]
[Date "2006.8.23"]
[Round "-"]
[White "vult0"]
[Black "manojr"]
[Result "1-0"]
[WhiteElo "1616"]
[BlackElo "1327"]

1. e4 e5 2. Nf3 Nf6 3. Nc3 Nc6 4. Bc4 Na5 5. Qe2 Bc5 6. Nxe5 Rf8 7. b3 Bd4 8.
Nd3 Bxc3 9. dxc3 Qe7 10. e5 Ng8 11. Bd5 f6 12. Bf4 c6 13. Bf3 g5 14. Bg3 f5 15.
Bh5+ Kd8 16. O-O f4 17. Qf3 fxg3 18. Qxg3 c5 19. c4 Nh6 20. f3 Nf5 21. Qf2 d6
22. Rfd1 Nh4 23. exd6 Qf6 24. Nxc5 b6 25. Ne4 Qh6 26. d7 Bxd7 27. Bg4 Rf7 28.
Nd6 Re7 29. g3 Ng6 30. Nf5 Qf8 31. Nxe7 Kxe7 32. Qe3+ Kf7 33. Rxd7+ Kg8 34. Be6+
Kh8 35. Qd4+ Qg7 36. Qxg7# 1-0

[Event "Challenge"]
[Site "http://www.queenalice.com/game.php?id=100013"]
[Date "2006.8.27"]
[Round "-"]
[White "manojr"]
[Black "xavimg"]
[Result "0-1"]
[WhiteElo "1340"]
[BlackElo "1417"]

1. e4 e5 2. Nc3 Nf6 3. Nf3 Bc5 4. g3 Ng4 5. Qe2 Nxf2 6. Rg1 Ng4 7. Bh3 Nf6 8.
Rf1 d6 9. Bxc8 Qxc8 10. d4 exd4 11. Nb5 c6 12. Nbxd4 O-O 13. Nf5 Re8 14. Be3
Nxe4 15. Bxc5 Qxf5 16. Be3 g6 17. Rd1 d5 18. Nh4 Qh3 19. b3 Nc3 20. Qf2 Nxd1 21.
Kxd1 Nd7 22. Re1 Qg4+ 23. Re2 Rad8 24. c4 dxc4 25. Kc1 Qe6 26. Ng2 cxb3 27. axb3
Qxb3 28. Rc2 Qa3+ 29. Rb2 Ne5 30. Kb1 Nd3 31. Qc2 Nxb2 32. Qxb2 Rd1+ 33. Kc2
Qd3# 0-1

[Event "Challenge"]
[Site "http://www.queenalice.com/game.php?id=100014"]
[Date "2006.8.27"]
[Round "-"]
[White "xavimg"]
[Black "manojr"]
[Result "1-0"]
[WhiteElo "1433"]
[BlackElo "1310"]

1. e4 e5 2. Nf3 Nc6 3. Bc4 Nh6 4. Nc3 Bc5 5. d3 Bb4 6. Bxh6 Bxc3+ 7. bxc3 gxh6
8. O-O Qf6 9. g3 d6 10. Nh4 Bh3 11. Re1 Rg8 12. Qb1 b6 13. Qb5 O-O-O 14. Qxc6
Qxh4 15. Ba6+ Kb8 16. Qb7# 1-0

[Event "Challenge"]
[Site "http://www.queenalice.com/game.php?id=100223"]
[Date "2006.8.28"]
[Round "-"]
[White "manojr"]
[Black "clara_ca"]
[Result "1-0"]
[WhiteElo "1323"]
[BlackElo "1170"]

1. e4 d5 2. Qf3 Nf6 3. exd5 Nxd5 4. Bc4 e6 5. Nh3 a5 6. Ng5 f6 7. Ne4 b6 8. Bb5+
Bd7 9. Bc4 Nb4 10. Bb3 f5 11. c3 1-0